00861 2200301 4500001002100000005001500021035002500036008004100061020002200102040001700124082001600141084001800157090002200175090002100197100003200218245009700250250001100347260003100358300002500389500003400414650001600448700001700464850001200481007000300493999002100496990002100517990002100538INLIS00000000000282920200511124415 a0010-081400000052157150324s2014 yoi fr ind d a978-602-255-671-8 aYOPDYOGbind04222a297.382 a297.382 ALI a aDEP 297.382 ALI a aCB-D.11 2014-6250 aAli Amrin Al-QurawycUstadz00aAjaibnya dzikir dan doa khusus istri /cUstadz Ali Amrin Al-Qurawy; penyunting, Habib Rusydi aCet. 13 aYogyakarta :bSaufa,c2014 a186 halaman ;c20 cm aBibliografi : halaman 183-186 4aDoa (Islam)0 aHabib Rusydi aYOPDYOGta aCB-D.11/2014-625 aCB-D.11/2014-625 aCB-D.11/2014-625